[Event "Katowice Silesia 100th Ann op"]
[Site "Katowice"]
[Date "2024.04.27"]
[Round "6"]
[White "Mrazek, Lumir"]
[Black "Pycinski, Wladyslaw"]
[Result "1-0"]
[WhiteElo "2325"]
[BlackElo "2209"]
[PlyCount "75"]
[EventDate "2024.04.27"]
[EventType "swiss (rapid)"]
[EventRounds "11"]
[EventCountry "POL"]
[SourceTitle "CB19_2024"]
[SourceDate "2024.05.08"]
[SourceVersion "1"]
[SourceVersionDate "2024.05.08"]
[SourceQuality "1"]

1. e4 Nf6 2. Nc3 e5 3. f4 d5 4. exd5 exf4 5. d4 Nxd5 6. Nxd5 Qxd5 7. Bxf4 Bd6 8. Bxd6 Qxd6 9. Nf3 0-0 10. Be2 c5 11. d5 Bg4 12. 0-0 Bxf3 13. Bxf3 Nd7 14. c4 Rae8 15. Qb3 b6 16. Qa4 Ne5 17. Qc2 Re7 18. Rf2 Rfe8 19. Raf1 g6 20. Qc3 f5 21. a3 Nd7 22. Qd2 Re3 23. Re2 Rxe2 24. Bxe2 Qe5 25. Bf3 Qe3+ 26. Qxe3 Rxe3 27. Rd1 Kf8 28. d6 Ke8 29. Bc6 Kd8 30. b4 Rxa3 31. Re1 Nf6 32. Re6 Nd7 33. Re7 Nf6 34. Rf7 Ra1+ 35. Kf2 Ng4+ 36. Kg3 Ra3+ 37. Kh4 g5+ 38. Kxg5 1-0

[Event "CZE-chT1E 2223"]
[Site "Czech Republic"]
[Date "2023.02.25"]
[Round "8.5"]
[White "Mrazek, Lumir"]
[Black "Sosna, Jan"]
[Result "1/2-1/2"]
[WhiteElo "2311"]
[BlackElo "2319"]
[PlyCount "84"]
[EventDate "2022.10.08"]
[EventType "team-tourn"]
[EventRounds "11"]
[EventCountry "CZE"]
[SourceTitle "CBM 213 Extra"]
[Source "ChessBase"]
[SourceDate "2023.05.31"]
[SourceVersion "1"]
[SourceVersionDate "2023.05.31"]
[SourceQuality "1"]
[WhiteTeam "Orlova Slavia"]
[BlackTeam "Vlcnov"]
[WhiteTeamCountry "CZE"]
[BlackTeamCountry "CZE"]

1. e4 e5 2. Nf3 Nc6 3. Bc4 Bc5 4. 0-0 Nf6 5. Qe2 d6 6. h3 Be6 7. Bxe6 fxe6 8. c3 0-0 9. Qc4 Qe7 10. d4 exd4 11. cxd4 Bb6 12. Nc3 Kh8 13. Bg5 Qf7 14. d5 exd5 15. exd5 Nd7 16. Be3 Nce5 17. Nxe5 Nxe5 18. Qb3 Qg6 19. Bxb6 axb6 20. f4 Nd3 21. Qc2 Nxf4 22. Qxg6 hxg6 23. Rf3 Kg8 24. Raf1 g5 25. a3 Rae8 26. h4 Ne2+ 27. Nxe2 Rxf3 28. Rxf3 Rxe2 29. hxg5 Kh7 30. Rf7 Rc2 31. g4 b5 32. Kf1 Rc5 33. Rd7 Rc4 34. Ke2 Rxg4 35. Rxc7 Rxg5 36. Rxb7 Rxd5 37. Ke3 Kh6 38. Rb6 g5 39. Ke4 Re5+ 40. Kf3 Kh5 41. Rxd6 Rc5 42. Rd4 Rc2 1/2-1/2

[Event "CZE-chT 2122"]
[Site "Czech Republic"]
[Date "2021.10.17"]
[Round "2.2"]
[White "Burdalev, Kirill"]
[Black "Mrazek, Lumir"]
[Result "1-0"]
[WhiteElo "2374"]
[BlackElo "2303"]
[PlyCount "73"]
[EventDate "2021.10.15"]
[EventType "team-tourn"]
[EventRounds "15"]
[EventCountry "CZE"]
[SourceTitle "CBM 204 Extra"]
[Source "ChessBase"]
[SourceDate "2021.11.30"]
[SourceVersion "1"]
[SourceVersionDate "2021.11.30"]
[SourceQuality "1"]
[WhiteTeam "Praha Dopravni Podnik"]
[BlackTeam "Frydek Mistek"]
[WhiteTeamCountry "CZE"]
[BlackTeamCountry "CZE"]

1. d4 Nf6 2. Nf3 g6 3. g3 Bg7 4. Bg2 0-0 5. 0-0 d6 6. c4 c6 7. Nc3 Qc7 8. e4 e5 9. h3 Re8 10. Be3 Nbd7 11. Re1 h6 12. Qd2 Kh7 13. Rad1 Nf8 14. b4 Bd7 15. Kh2 g5 16. c5 exd4 17. Bxd4 dxc5 18. Bxc5 Be6 19. Bd6 Qb6 20. Nd4 Ng6 21. e5 Nd7 22. f4 gxf4 23. gxf4 Nh4 24. Be4+ Kh8 25. Rg1 f5 26. Bh1 Nf8 27. Na4 Qd8 28. Rxg7 Kxg7 29. Bxf8+ Kh7 30. Nxe6 Qxd2+ 31. Rxd2 Rxe6 32. Nc5 Ree8 33. Rd7+ Kg6 34. Rd6+ Kf7 35. Bxh6 a5 36. b5 Rad8 37. Nxb7 1-0

[Event "CZE-chT1E 2122"]
[Site "Czech Republic"]
[Date "2021.10.09"]
[Round "1.4"]
[White "Mrazek, Lumir"]
[Black "Svanda, Ondrej"]
[Result "0-1"]
[WhiteElo "2303"]
[BlackElo "2269"]
[PlyCount "60"]
[EventDate "2021.10.09"]
[EventType "team-tourn"]
[EventRounds "11"]
[EventCountry "CZE"]
[SourceTitle "EXT 2023"]
[Source "ChessBase"]
[SourceDate "2022.10.05"]
[SourceVersion "1"]
[SourceVersionDate "2022.10.05"]
[SourceQuality "1"]
[WhiteTeam "Orlova Slavia"]
[BlackTeam "Stare Mesto"]
[WhiteTeamCountry "CZE"]
[BlackTeamCountry "CZE"]

1. e4 c5 2. d4 cxd4 3. c3 dxc3 4. Nxc3 Nc6 5. Nf3 e6 6. Bc4 Bb4 7. 0-0 Nge7 8. Bg5 h6 9. Bh4 Bxc3 10. bxc3 d5 11. exd5 exd5 12. Bb5 0-0 13. Bxc6 bxc6 14. Re1 f6 15. Qa4 Bd7 16. Rab1 Nf5 17. Rb7 Re8 18. Rxe8+ Qxe8 19. Bg3 a5 20. Qf4 Bc8 21. Rc7 g5 22. Qc1 Rb8 23. h3 Nxg3 24. fxg3 Qe4 25. Kh2 Bxh3 26. Rxc6 Bxg2 27. Kxg2 Qe2+ 28. Kh3 Qxf3 29. Qc2 f5 30. Kh2 Re8 0-1

[Event "Bohumin op 3rd"]
[Site "Bohumin"]
[Date "2020.07.25"]
[Round "8"]
[White "Mrazek, Lumir"]
[Black "Kucza, Karol"]
[Result "1/2-1/2"]
[WhiteElo "2327"]
[BlackElo "2245"]
[PlyCount "71"]
[EventDate "2020.07.18"]
[EventType "swiss"]
[EventRounds "9"]
[EventCountry "CZE"]
[SourceTitle "CBM 197 Extra"]
[Source "ChessBase"]
[SourceDate "2020.09.30"]
[SourceVersion "1"]
[SourceVersionDate "2020.09.30"]
[SourceQuality "1"]

1. e4 e5 2. Qh5 Nc6 3. Bc4 g6 4. Qf3 Nf6 5. Ne2 Bg7 6. 0-0 d6 7. h3 0-0 8. Nbc3 Na5 9. Bb3 c6 10. d4 Nxb3 11. axb3 exd4 12. Nxd4 Qe7 13. Re1 d5 14. Bf4 Nxe4 15. Nxe4 Bxd4 16. Rad1 Bxb2 17. Bd6 dxe4 18. Bxe7 exf3 19. Bxf8 Bf5 20. Bh6 fxg2 21. Re7 Bg7 22. Bxg7 Kxg7 23. Rxb7 Bxc2 24. Rdd7 Rf8 25. Re7 a5 26. Kxg2 a4 27. bxa4 Bxa4 28. Kg3 Kf6 29. Rec7 h5 30. h4 Bb5 31. Kf4 Ba4 32. Rd7 Ke6 33. Re7+ Kf6 34. Rec7 Bb5 35. Ra7 Bc4 36. Rxc6+ 1/2-1/2

[Event "Bohumin op 3rd"]
[Site "Bohumin"]
[Date "2020.07.18"]
[Round "1"]
[White "Cubok, Zdenek"]
[Black "Mrazek, Lumir"]
[Result "0-1"]
[WhiteElo "1800"]
[BlackElo "2327"]
[PlyCount "56"]
[EventDate "2020.07.18"]
[EventType "swiss"]
[EventRounds "9"]
[EventCountry "CZE"]
[SourceTitle "CBM 197 Extra"]
[Source "ChessBase"]
[SourceDate "2020.09.30"]
[SourceVersion "1"]
[SourceVersionDate "2020.09.30"]
[SourceQuality "1"]

1. Nf3 Nf6 2. b3 c5 3. c4 Nc6 4. Bb2 e6 5. g3 d5 6. Bg2 d4 7. d3 e5 8. 0-0 h5 9. h3 h4 10. gxh4 Bf5 11. e4 Be6 12. Ng5 Qd7 13. f4 exf4 14. Nxe6 Qxe6 15. e5 Nh5 16. Nd2 Be7 17. Nf3 Ng3 18. Re1 Bxh4 19. Nxh4 Rxh4 20. Ba3 Qe7 21. e6 fxe6 22. Bxc5 Qxc5 23. Rxe6+ Kd7 24. Qe1 Qg5 25. Bxc6+ bxc6 26. Re5 Nf5+ 27. Kh2 Rxh3+ 28. Kxh3 Rh8+ 0-1

[Event "CZE-chT 1920"]
[Site "Czech Republic"]
[Date "2020.01.25"]
[Round "5.6"]
[White "Mrazek, Lumir"]
[Black "Kislinsky, Alexey"]
[Result "1-0"]
[WhiteElo "2303"]
[BlackElo "2442"]
[PlyCount "133"]
[EventDate "2019.10.12"]
[EventType "team-tourn"]
[EventRounds "11"]
[EventCountry "CZE"]
[SourceTitle "CBM 194 Extra"]
[Source "ChessBase"]
[SourceDate "2020.03.31"]
[SourceVersion "1"]
[SourceVersionDate "2020.03.31"]
[SourceQuality "1"]
[WhiteTeam "Frydek Mistek"]
[BlackTeam "Lysa nad Labem"]
[WhiteTeamCountry "CZE"]
[BlackTeamCountry "CZE"]

1. e4 c5 2. b3 Nc6 3. Bb2 Nf6 4. e5 Nd5 5. Nf3 g6 6. Bc4 Nb6 7. h4 Nxc4 8. bxc4 Qb6 9. Bc3 Nd4 10. Na3 Bg7 11. Rb1 Qc6 12. Bxd4 cxd4 13. Qe2 0-0 14. Nb5 d6 15. Nbxd4 Qc5 16. Rb5 Qc7 17. exd6 Qxd6 18. 0-0 b6 19. Rd5 Qf6 20. Re1 e6 21. Rg5 Bb7 22. c5 h6 23. Re5 bxc5 24. Rxc5 Rac8 25. Rxc8 Rxc8 26. c3 Rc5 27. Rb1 Qe7 28. Rb5 Rc7 29. h5 a6 30. Rxb7 Rxb7 31. hxg6 Rb1+ 32. Kh2 Qd6+ 33. g3 Qd5 34. gxf7+ Kxf7 35. Qd3 Ra1 36. c4 Qb7 37. Qh7 Kf6 38. Qg8 Qf7 39. Qa8 Rxa2 40. Qe4 Ke7 41. Qb7+ Kf6 42. Qb3 Qh5+ 43. Nh4 Rxd2 44. Qe3 Rxd4 45. Qxd4+ Qe5 46. Qd8+ Kf7 47. Qd7+ Kf6 48. Qe8 Qd4 49. Kg1 a5 50. c5 a4 51. c6 a3 52. c7 a2 53. Qg6+ Ke7 54. c8Q a1Q+ 55. Kg2 Qd5+ 56. Nf3 Qd7 57. Qc5+ Qd6 58. Qa7+ Qd7 59. Qc5+ Qd6 60. Qch5 Qd5 61. Qe8+ Kd6 62. Qhf7 Kc5 63. Qc7+ Kb4 64. Qee7+ Kb3 65. Qxg7 Qxg7 66. Qxg7 h5 67. Qe5 1-0

[Event "CZE-chT1E 1920"]
[Site "Czech Republic"]
[Date "2020.01.05"]
[Round "5.3"]
[White "Langner, Ladislav"]
[Black "Mrazek, Lumir"]
[Result "0-1"]
[WhiteElo "2373"]
[BlackElo "2303"]
[PlyCount "60"]
[EventDate "2019.10.20"]
[EventType "team-tourn"]
[EventRounds "11"]
[EventCountry "CZE"]
[SourceTitle "CBM 194 Extra"]
[Source "ChessBase"]
[SourceDate "2020.03.31"]
[SourceVersion "1"]
[SourceVersionDate "2020.03.31"]
[SourceQuality "1"]
[WhiteTeam "Cesky Tesin"]
[BlackTeam "Orlova Slavia"]
[WhiteTeamCountry "CZE"]
[BlackTeamCountry "CZE"]

1. e4 c5 2. d4 cxd4 3. c3 dxc3 4. Nxc3 Nc6 5. Nf3 d6 6. Bc4 a6 7. Bg5 Nf6 8. 0-0 e6 9. Qe2 Be7 10. Rfd1 Qc7 11. Rac1 Qb8 12. Qd3 0-0 13. Bxf6 gxf6 14. Nd4 Kh8 15. Qe2 Qa7 16. Nxc6 bxc6 17. Qh5 Bd7 18. Rd3 Rg8 19. Qxf7 Rg7 20. Qh5 Rag8 21. g3 Rg4 22. Qa5 Bc8 23. Rdd1 Bd8 24. Qa4 Bb6 25. Qc2 d5 26. Bf1 Rxg3+ 27. hxg3 Rxg3+ 28. Kh2 Bxf2 29. Rd3 Qc7 30. Rxg3 Qxg3+ 0-1

[Event "CZE-chT1E 1920"]
[Site "Czech Republic"]
[Date "2019.10.20"]
[Round "1.5"]
[White "Svanda, Ondrej"]
[Black "Mrazek, Lumir"]
[Result "0-1"]
[WhiteElo "2268"]
[BlackElo "2303"]
[PlyCount "90"]
[EventDate "2019.10.20"]
[EventType "team-tourn"]
[EventRounds "11"]
[EventCountry "CZE"]
[SourceTitle "CBM 192 Extra"]
[Source "Chessbase"]
[SourceDate "2019.11.06"]
[SourceVersion "1"]
[SourceVersionDate "2019.11.06"]
[SourceQuality "1"]
[WhiteTeam "Brno Moravska Slavia II"]
[BlackTeam "Orlova Slavia"]
[WhiteTeamCountry "CZE"]
[BlackTeamCountry "CZE"]

1. e4 c5 2. Nf3 d6 3. Bb5+ Nd7 4. 0-0 g6 5. Re1 Bg7 6. c3 Ngf6 7. d4 0-0 8. b3 cxd4 9. cxd4 d5 10. e5 Ne4 11. Bd3 f5 12. Bb2 Re8 13. Nfd2 Nf8 14. Nf1 Qb6 15. a4 a5 16. Na3 Ne6 17. Nb5 Bd7 18. Rc1 Bxb5 19. Bxb5 Red8 20. Re2 Bh6 21. Ne3 Nc7 22. Bd3 Na6 23. Bb5 Nb4 24. Ba3 Bxe3 25. Rxe3 Rac8 26. f3 Rxc1 27. Bxc1 f4 28. Re1 Nc3 29. Qd2 Nxb5 30. axb5 Rc8 31. Qxf4 Nd3 32. Qg4 e6 33. Bd2 Nxe1 34. Bxe1 Rc1 35. Kf2 Rd1 36. Bc3 Rd3 37. Bxa5 Qxd4+ 38. Qxd4 Rxd4 39. Ke2 Rh4 40. h3 Rf4 41. Ke3 g5 42. Bd2 h6 43. Kd3 Rf8 44. h4 gxh4 45. Bxh6 h3 0-1

[Event "Stare Mesto op"]
[Site "Stare Mesto"]
[Date "2019.08.22"]
[Round "6"]
[White "Sramek, Vojtech"]
[Black "Mrazek, Lumir"]
[Result "1/2-1/2"]
[WhiteElo "2228"]
[BlackElo "2328"]
[PlyCount "174"]
[EventDate "2019.08.17"]
[EventType "swiss"]
[EventRounds "9"]
[EventCountry "CZE"]
[SourceTitle "EXT 2020"]
[Source "ChessBase"]
[SourceDate "2019.10.17"]
[SourceVersion "1"]
[SourceVersionDate "2019.10.17"]
[SourceQuality "1"]

1. e4 c5 2. Nf3 d6 3. d4 cxd4 4. Nxd4 Nf6 5. Nc3 a6 6. Be3 e5 7. Nb3 Be6 8. f3 h5 9. Qd2 Nbd7 10. Nd5 Bxd5 11. exd5 Qc7 12. Rc1 g6 13. Be2 Bg7 14. 0-0 0-0 15. c4 b6 16. Na1 a5 17. Nc2 Nc5 18. Na3 Ne8 19. Nb5 Qd7 20. f4 f5 21. fxe5 Bxe5 22. Bd4 Bxd4+ 23. Nxd4 Nf6 24. Bd3 Ng4 25. Bb1 Rae8 26. h3 Ne5 27. Rc3 Qg7 28. b3 Kh7 29. a3 Qh6 30. Qxh6+ Kxh6 31. b4 Na4 32. Rcc1 Rc8 33. Ba2 axb4 34. axb4 Nd3 35. Rb1 Nc3 36. Rf3 Nxa2 37. Rxd3 Rxc4 38. Nb5 Rd8 39. Rdb3 Nc1 40. Re3 Ra8 41. Rb2 Ra1 42. Kh2 f4 43. Rf3 h4 44. Nxd6 Rd4 45. Rf1 Nd3 46. Rxa1 Nxb2 47. Nc8 Rxd5 48. Nxb6 Rb5 49. Rb1 Nd3 50. Nc4 Rxb4 51. Rxb4 Nxb4 52. Ne5 g5 53. Kg1 Nc2 54. Kf2 Nd4 55. Ke1 Kg7 56. Kf2 Kf6 57. Ng4+ Kf5 58. Nh6+ Ke5 59. Nf7+ Kf6 60. Nh6 Nf5 61. Ng4+ Kg6 62. Ne5+ Kh5 63. Ng4 Nh6 64. Nf6+ Kg6 65. Nd5 Kf5 66. Kf3 Nf7 67. Ne7+ Ke6 68. Nc8 Ne5+ 69. Kf2 Nc4 70. Na7 Kf5 71. Nb5 g4 72. hxg4+ Kxg4 73. Nd4 Nd2 74. Kg1 Ne4 75. Kh2 Ng3 76. Kg1 Nf5 77. Ne2 f3 78. Nc3 Nd4 79. gxf3+ Nxf3+ 80. Kh1 Kg3 81. Ne4+ Kh3 82. Nf2+ Kg3 83. Ne4+ Kg4 84. Nf2+ Kf4 85. Kg2 Ng5 86. Nh3+ Nxh3 87. Kxh3 Kg5 1/2-1/2

[Event "Stare Mesto op"]
[Site "Stare Mesto"]
[Date "2019.08.20"]
[Round "4"]
[White "Mrazek, Lumir"]
[Black "Skalsky, Alexandr"]
[Result "1/2-1/2"]
[WhiteElo "2328"]
[BlackElo "2128"]
[PlyCount "31"]
[EventDate "2019.08.17"]
[EventType "swiss"]
[EventRounds "9"]
[EventCountry "CZE"]
[SourceTitle "EXT 2020"]
[Source "ChessBase"]
[SourceDate "2019.10.17"]
[SourceVersion "1"]
[SourceVersionDate "2019.10.17"]
[SourceQuality "1"]

1. Nf3 g6 2. g3 Bg7 3. Bg2 c5 4. 0-0 Nc6 5. c3 d5 6. d4 cxd4 7. cxd4 Nf6 8. Nc3 Ne4 9. Qd3 0-0 10. Bf4 Nxc3 11. bxc3 Na5 12. Nd2 Be6 13. Rab1 Rc8 14. Rb2 b6 15. e4 dxe4 16. Bxe4 1/2-1/2

[Event "CZE-chT 1819"]
[Site "Czech Republic"]
[Date "2019.04.21"]
[Round "11.6"]
[White "Mrazek, Lumir"]
[Black "Roubalik, Jakub"]
[Result "0-1"]
[WhiteElo "2356"]
[BlackElo "2410"]
[PlyCount "108"]
[EventDate "2018.11.03"]
[EventType "team-tourn"]
[EventRounds "11"]
[EventCountry "CZE"]
[SourceTitle "CBM 190 Extra"]
[Source "ChessBase"]
[SourceDate "2019.07.15"]
[SourceVersion "1"]
[SourceVersionDate "2019.07.15"]
[SourceQuality "1"]
[WhiteTeam "Cesky Tesin Slavoj"]
[BlackTeam "Brno Duras"]
[WhiteTeamCountry "CZE"]
[BlackTeamCountry "CZE"]

1. e4 c5 2. Nc3 Nc6 3. f4 e6 4. Nf3 d5 5. Bb5 d4 6. Bxc6+ bxc6 7. Na4 Nf6 8. e5 Nd5 9. b3 Nxf4 10. 0-0 Be7 11. c4 dxc3 12. dxc3 Qxd1 13. Rxd1 Ne2+ 14. Kf2 Nxc1 15. Raxc1 c4 16. bxc4 c5 17. Rb1 Bd7 18. Rxd7 Kxd7 19. Rb7+ Kd8 20. Nd2 Re8 21. Ne4 f6 22. Nd6 Rf8 23. Nb5 fxe5+ 24. Ke2 Rf4 25. Nxa7 Rxc4 26. Nb6 Re4+ 27. Kd3 Rxa7 28. Rxa7 Rg4 29. g3 e4+ 30. Ke2 Bf6 31. a4 Bxc3 32. a5 e3 33. Rd7+ Ke8 34. a6 Rb4 35. Rb7 Bd4 36. a7 Rb2+ 37. Kd3 Rd2+ 38. Kc4 Ra2 39. a8Q+ Rxa8 40. Nxa8 e2 41. Nc7+ Kd7 42. Nb5+ Kd8 43. Nxd4 e1Q 44. Nc6+ Ke8 45. Kxc5 Qe4 46. Rxg7 Qd5+ 47. Kb6 h6 48. Kc7 Kf8 49. Re7 h5 50. Rh7 Kg8 51. Re7 Qa2 52. h3 Qb3 53. Kd8 Qxg3 54. Nd4 Qb8+ 0-1

[Event "CZE-chT 1819"]
[Site "Czech Republic"]
[Date "2019.04.19"]
[Round "9.4"]
[White "Rojicek, Vojtech"]
[Black "Mrazek, Lumir"]
[Result "1/2-1/2"]
[WhiteElo "2387"]
[BlackElo "2356"]
[PlyCount "53"]
[EventDate "2018.11.03"]
[EventType "team-tourn"]
[EventRounds "11"]
[EventCountry "CZE"]
[SourceTitle "CBM 190 Extra"]
[Source "ChessBase"]
[SourceDate "2019.07.15"]
[SourceVersion "1"]
[SourceVersionDate "2019.07.15"]
[SourceQuality "1"]
[WhiteTeam "Frydek Mistek"]
[BlackTeam "Cesky Tesin Slavoj"]
[WhiteTeamCountry "CZE"]
[BlackTeamCountry "CZE"]

1. d4 Nf6 2. c4 g6 3. Nf3 Bg7 4. g3 0-0 5. Bg2 d5 6. cxd5 Nxd5 7. 0-0 Nc6 8. e4 Nb6 9. d5 Na5 10. Qc2 c6 11. Bd2 Nac4 12. Bc3 cxd5 13. Bxg7 Kxg7 14. Rd1 Nd6 15. exd5 Bf5 16. Qe2 Rc8 17. Nc3 Nbc4 18. Rac1 Kg8 19. h3 Re8 20. b3 Na3 21. Nd4 Qa5 22. Nxf5 Nxf5 23. Ne4 Nb5 24. Rxc8 Rxc8 25. d6 Nfxd6 26. Nxd6 exd6 27. Bxb7 1/2-1/2

[Event "CZE-chT 1819"]
[Site "Czech Republic"]
[Date "2019.02.09"]
[Round "7.3"]
[White "Mrazek, Lumir"]
[Black "Krejci, Jan1111"]
[Result "1/2-1/2"]
[WhiteElo "2356"]
[BlackElo "2563"]
[PlyCount "81"]
[EventDate "2018.11.03"]
[EventType "team-tourn"]
[EventRounds "11"]
[EventCountry "CZE"]
[SourceTitle "CBM 188 Extra"]
[Source "ChessBase"]
[SourceDate "2019.02.26"]
[SourceVersion "1"]
[SourceVersionDate "2019.02.26"]
[SourceQuality "1"]
[WhiteTeam "Cesky Tesin Slavoj"]
[BlackTeam "Novoborsky"]
[WhiteTeamCountry "CZE"]
[BlackTeamCountry "CZE"]

1. e4 e5 2. Nf3 Nc6 3. Bc4 Nf6 4. 0-0 Nxe4 5. Nc3 Be7 6. Nxe4 d5 7. Bb5 dxe4 8. Nxe5 Qd5 9. Nxc6 bxc6 10. Be2 Bf5 11. d3 exd3 12. Bxd3 Bxd3 13. Qxd3 Qxd3 14. cxd3 0-0-0 15. Rd1 Bf6 16. Rb1 Rd5 17. Kf1 Kd7 18. b3 Ra5 19. Rd2 Re8 20. Rc2 Bd4 21. Bd2 Rd5 22. Re1 Rxe1+ 23. Kxe1 Re5+ 24. Kf1 Rf5 25. Bc1 Kd6 26. Bb2 Bxb2 27. Rxb2 Rc5 28. Ke2 Rc1 29. h4 Kd5 30. Kd2 Ra1 31. Rc2 c5 32. g3 f6 33. Ke3 h5 34. Ke2 a5 35. Kd2 Rb1 36. Ke3 Ra1 37. Kd2 g5 38. Ke3 Re1+ 39. Kd2 Rb1 40. Ke3 Ra1 41. Kd2 1/2-1/2

[Event "CZE-chT 1819"]
[Site "Czech Republic"]
[Date "2019.01.13"]
[Round "6.4"]
[White "Mrazek, Lumir"]
[Black "Kanovsky, David"]
[Result "1/2-1/2"]
[WhiteElo "2356"]
[BlackElo "2414"]
[PlyCount "70"]
[EventDate "2018.11.03"]
[EventType "team-tourn"]
[EventRounds "11"]
[EventCountry "CZE"]
[SourceTitle "CBM 188 Extra"]
[Source "ChessBase"]
[SourceDate "2019.02.26"]
[SourceVersion "1"]
[SourceVersionDate "2019.02.26"]
[SourceQuality "1"]
[WhiteTeam "Cesky Tesin Slavoj"]
[BlackTeam "Poruba Slavoj"]
[WhiteTeamCountry "CZE"]
[BlackTeamCountry "CZE"]

1. e4 e6 2. d4 d5 3. Nc3 Bb4 4. a3 Bxc3+ 5. bxc3 dxe4 6. Qg4 Nf6 7. Qxg7 Rg8 8. Qh6 Nbd7 9. Ne2 b6 10. Ng3 Bb7 11. Bb2 c5 12. Bb5 Rg6 13. Qh4 Rc8 14. c4 a6 15. Bxd7+ Nxd7 16. Qxh7 Nf6 17. Qh8+ Rg8 18. Qh6 cxd4 19. Rd1 Rxc4 20. Qf4 Bc6 21. 0-0 Ng4 22. h3 e5 23. Qf5 Rg5 24. Qh7 Nf6 25. Qh4 Rg6 26. c3 d3 27. Nf5 Rxg2+ 28. Kh1 Rg8 29. Ne3 Nd7 30. Qh7 Nf6 31. Qh4 Nd7 32. Qh7 Nf6 33. Qh4 Nd7 34. Qh7 Nf6 35. Qh4 Nd7 1/2-1/2

[Event "CZE-chT 1819"]
[Site "Czech Republic"]
[Date "2019.01.12"]
[Round "5.3"]
[White "Mrazek, Lumir"]
[Black "Velicka, Petr"]
[Result "0-1"]
[WhiteElo "2356"]
[BlackElo "2423"]
[PlyCount "108"]
[EventDate "2018.11.03"]
[EventType "team-tourn"]
[EventRounds "11"]
[EventCountry "CZE"]
[SourceTitle "CBM 188 Extra"]
[Source "ChessBase"]
[SourceDate "2019.02.26"]
[SourceVersion "1"]
[SourceVersionDate "2019.02.26"]
[SourceQuality "1"]
[WhiteTeam "Cesky Tesin Slavoj"]
[BlackTeam "Ostrava Labortech"]
[WhiteTeamCountry "CZE"]
[BlackTeamCountry "CZE"]

1. e4 c6 2. d4 d5 3. f3 e6 4. Nc3 Bb4 5. Bf4 b6 6. Nge2 Ba6 7. Qd2 Nf6 8. Qe3 Nbd7 9. 0-0-0 Qc8 10. a3 Be7 11. Ng3 Bxf1 12. Rhxf1 Qb7 13. Rfe1 g6 14. Bg5 b5 15. f4 Nb6 16. Bxf6 Bxf6 17. exd5 cxd5 18. f5 Nc4 19. Qf4 b4 20. fxe6 bxc3 21. b3 Qa6 22. Rd3 Qxa3+ 23. Kd1 Nb2+ 24. Ke2 Qe7 25. Rf3 Bg7 26. Kf1 0-0 27. Qe3 fxe6 28. Qxc3 Rxf3+ 29. gxf3 Qf6 30. Qxb2 Qxf3+ 31. Kg1 Bh6 32. Nf1 Qg4+ 33. Kh1 Qf3+ 34. Kg1 Rc8 35. c4 dxc4 36. bxc4 Rxc4 37. Qb8+ Bf8 38. Qe5 Qg4+ 39. Kh1 Rxd4 40. Qxe6+ Qxe6 41. Rxe6 a5 42. Ra6 a4 43. Kg2 a3 44. Kf3 Rd3+ 45. Ke4 Rh3 46. Ra8 Kf7 47. Ra7+ Ke6 48. Ra6+ Kd7 49. Kd5 Rh5+ 50. Kc4 Bd6 51. Ng3 Rxh2 52. Ne4 Be7 53. Ra7+ Ke6 54. Ra6+ Kf5 0-1

[Event "Harkany Tenkes Cup 42nd"]
[Site "Harkany"]
[Date "2018.11.30"]
[Round "9"]
[White "Mrazek, Lumir"]
[Black "Martic, Zlatko"]
[Result "1-0"]
[WhiteElo "2347"]
[BlackElo "2267"]
[PlyCount "49"]
[EventDate "2018.11.23"]
[EventType "swiss"]
[EventRounds "9"]
[EventCountry "HUN"]
[SourceTitle "CBM 187 Extra"]
[Source "ChessBase"]
[SourceDate "2018.11.04"]
[SourceVersion "1"]
[SourceVersionDate "2018.11.04"]
[SourceQuality "1"]

1. e4 e5 2. f4 exf4 3. Nf3 d6 4. d4 g5 5. h4 g4 6. Ng1 Bh6 7. Nc3 Nc6 8. Qd3 Nf6 9. g3 Nh5 10. Nge2 f3 11. Bxh6 fxe2 12. Bxe2 Bd7 13. Nd5 Be6 14. 0-0-0 Qd7 15. Bg5 Bxd5 16. exd5 Ne7 17. Bxe7 Kxe7 18. Qe3+ Kf8 19. Qh6+ Ng7 20. Rhf1 Re8 21. Rf2 Re7 22. Rdf1 Kg8 23. Bd3 Qa4 24. Qg5 Qd7 25. Bf5 1-0

[Event "CZE-chT 1819"]
[Site "Czech Republic"]
[Date "2018.11.04"]
[Round "2.2"]
[White "Mrazek, Lumir"]
[Black "Kislinsky, Alexey"]
[Result "0-1"]
[WhiteElo "2356"]
[BlackElo "2430"]
[PlyCount "86"]
[EventDate "2018.11.03"]
[EventType "team-tourn"]
[EventRounds "11"]
[EventCountry "CZE"]
[SourceTitle "CBM 187 Extra"]
[Source "ChessBase"]
[SourceDate "2018.11.04"]
[SourceVersion "1"]
[SourceVersionDate "2018.11.04"]
[SourceQuality "1"]
[WhiteTeam "Cesky Tesin Slavoj"]
[BlackTeam "Lysa nad Labem"]
[WhiteTeamCountry "CZE"]
[BlackTeamCountry "CZE"]

1. e4 Nf6 2. Nc3 Nc6 3. d4 d5 4. e5 Nd7 5. f4 Nb6 6. Nf3 h5 7. a3 Bf5 8. Bd3 Qd7 9. 0-0 h4 10. Nb5 g6 11. Bxf5 gxf5 12. e6 fxe6 13. Qe1 Bg7 14. Ng5 Nxd4 15. Nxd4 Bxd4+ 16. Be3 Bf6 17. Bxb6 axb6 18. Nxe6 Ra4 19. b4 Rh6 20. Rd1 Rxa3 21. Rxd5 Qxe6 22. Qxe6 Bd4+ 23. Rxd4 Rxe6 24. Rd5 Re2 25. Re5 Rxe5 26. fxe5 e6 27. Rf4 h3 28. Rh4 hxg2 29. Rh7 Rc3 30. Kxg2 b5 31. h4 Rxc2+ 32. Kf3 Rc4 33. h5 Rxb4 34. Rxc7 Rh4 35. Rxb7 Rxh5 36. Rxb5 Rh4 37. Rb8+ Kd7 38. Rb5 Re4 39. Ra5 Kc7 40. Rc5+ Kb6 41. Rc1 Rxe5 42. Kf4 Re4+ 43. Kg5 f4 0-1

[Event "Stare Mesto op"]
[Site "Stare Mesto"]
[Date "2018.08.26"]
[Round "9"]
[White "Mrazek, Lumir"]
[Black "Jakab, Bela"]
[Result "1-0"]
[WhiteElo "2318"]
[BlackElo "2279"]
[PlyCount "93"]
[EventDate "2018.08.18"]
[EventType "swiss"]
[EventRounds "9"]
[EventCountry "CZE"]
[SourceTitle "CBM 186 Extra"]
[Source "ChessBase"]
[SourceDate "2018.08.24"]
[SourceVersion "1"]
[SourceVersionDate "2018.08.24"]
[SourceQuality "1"]

1. f4 d5 2. Nf3 Nf6 3. g3 c5 4. Bg2 Nc6 5. 0-0 g6 6. d3 Bg7 7. Qe1 d4 8. c4 0-0 9. Na3 Be6 10. Nc2 Qc8 11. b4 cxb4 12. Nxb4 Bh3 13. Rb1 Bxg2 14. Kxg2 Nd7 15. Ba3 Re8 16. Qf2 Nf8 17. Nc2 Qd7 18. Rb5 e6 19. Rfb1 b6 20. Kg1 Rad8 21. Ne5 Qc7 22. Nxc6 Qxc6 23. Nb4 Qc7 24. c5 Nd7 25. cxb6 Nxb6 26. Rc1 Qd7 27. Nc6 Rc8 28. Rbc5 h5 29. Ne5 Qa4 30. Rxc8 Rxc8 31. Rxc8+ Nxc8 32. Bc5 Bxe5 33. fxe5 Qxa2 34. Qxd4 Qd5 35. Qxd5 exd5 36. Kf2 f6 37. e6 Kg7 38. Ke3 f5 39. Kd4 Nb6 40. Bxb6 axb6 41. Kxd5 Kf8 42. Kd6 Ke8 43. d4 g5 44. e3 h4 45. gxh4 f4 46. exf4 gxf4 47. h5 1-0